000 00574nam a2200229Ia 4500
003 OSt
005 20230227121104.0
008 210210b2006 xxu||||| |||| 00| 0 eng d
020 _a81 7288 145 2
040 _cAL
041 _aEglish
082 _a657.46 MEHI
100 _aMEHROTRA (H C)
_973459
245 _aIncome tax law and practice: including wealth tax and tax planning
250 _a27
260 _aAgra
_bSahitya Bhavan
_c2006
300 _a824
690 _aIncome Tax
_973460
700 _aGOYAL (S P)
_973461
906 _a061445
942 _2ddc
_cBK
999 _c108205
_d108205